000 00837nam a2200241 i 4500
003 DO-SdBNP
005 20250428131009.0
007 ta
008 250320t2003 dr a 000 0 spa d
040 _aDO-SdBNP
_bspa
_cBNPHU
_erda
082 _axxxx
_bE92s
_222
100 1 _aEvangelista, Enriquillo,
_d1933-
_eautor
_4aut.
_914948
245 1 0 _aSemblanza sobre el grito de independencia de El Seybo /
_cEnriquillo Evangelista
264 _aSanto Domingo ;
_bImpresora Ángel de la Rosa,
_c2003.
300 _a13 páginas
_bilustraciones
_c22 cm.
336 _atexto
_btxt
_2rdacontent
337 _asin mediación
_bn
_2rdamedia
338 _avolumen
_bnc
_2rdacarrier
500 _aGeneral Pedro Santana, primer presidente constitucional de la República
590 _aInventariado, 2025/ YL
910 _aYLockward
942 _2ddc
_cLF2
999 _c58507
_d58507